NFL Coaching Staff 2021 - Statistics

General Stats
  • This quiz has been taken 2 times
  • The average score is 9 of 94
Answer Stats
Coach % Correct
Sean McVay
100%
Andy Reid
50%
Arthur Smith
50%
Bill Belichick
50%
John Harbaugh
50%
Kellen Moore
50%
Lovie Smith
50%
Matt LaFleur
50%
Mike LaFleur
50%
Mike McCarthy
50%
Mike McDaniel
50%
Mike Tomlin
50%
Pete Carroll
50%
Sean Payton
50%
Todd Bowles
50%
Zac Taylor
50%
Aaron Glenn
0%
Alex Van Pelt
0%
Andre Patterson
0%
Anthony Lynn
0%
Bill Lazor
0%
Brandon Staley
0%
Brian Callahan
0%
Brian Daboll
0%
Brian Flores
0%
Bruce Arians
0%
Byron Leftwich
0%
Dan Campbell
0%
Dan Quinn
0%
Darrell Bevell
0%
Dave Ragone
0%
David Culley
0%
Dean Pees
0%
DeMeco Ryans
0%
Dennis Allen
0%
Ed Donatell
0%
Eric Bieniemy
0%
Frank Reich
0%
George Godsey
0%
Greg Olson
0%
Greg Roman
0%
Gus Bradley
0%
Jack Del Rio
0%
Jason Garrett
0%
Jeff Ulbrich
0%
Joe Barry
0%
Joe Brady
0%
Joe Cullen
0%
Joe Judge
0%
Joe Lombardi
0%
Joe Woods
0%
Jonathan Gannon
0%
Jon Gruden
0%
Josh Boyer
0%
Josh McDaniels
0%
Keith Butler
0%
Ken Norton
0%
Kevin O'Connell
0%
Kevin Stefanski
0%
Kliff Kingsbury
0%
Klint Kubiak
0%
Kyle Shanahan
0%
Leslie Frazier
0%
Lou Anarumo
0%
Marcus Brady
0%
Matt Canada
0%
Matt Eberflus
0%
Matt Nagy
0%
Matt Rhule
0%
Mike Vrabel
0%
Mike Zimmer
0%
Nathaniel Hackett
0%
Nick Siriani
0%
Patrick Graham
0%
Pat Shurmur
0%
Pete Carmichael
0%
Phil Snow
0%
Raheem Morris
0%
Renaldo Hill
0%
Robert Saleh
0%
Ron Rivera
0%
Scott Turner
0%
Sean Desai
0%
Sean McDermott
0%
Shane Bowen
0%
Shane Steichen
0%
Shane Waldron
0%
Steve Spagnuolo
0%
Tim Kelly
0%
Todd Downing
0%
Urban Meyer
0%
Vance Joseph
0%
Vic Fangio
0%
Wink Martindale
0%
No matching quizzes found
Score Distribution
Percent of People with Each Score
Percentile by Number Answered
Your Score History
You have not taken this quiz